[Event "Fredrikstad Hostturnering"]
[Site "Fredrikstad"]
[Date "2002.09.11"]
[Round "2"]
[White "Andersen, Harry"]
[Black "Saether, Steinar"]
[Result "0-1"]
[WhiteElo "1672"]
[BlackElo "1586"]
[PlyCount "62"]
[EventDate "2002.09.??"]
[EventType "swiss"]
[EventRounds "9"]
[EventCountry "NOR"]
[SourceTitle "EXT 2005"]
[Source "ChessBase"]
[SourceDate "2004.11.15"]
[SourceVersion "1"]
[SourceVersionDate "2004.11.15"]
[SourceQuality "1"]

1. e4 d5 2. exd5 Nf6 3. Bc4 Nxd5 4. Nc3 Nxc3 5. Qf3 e6 6. dxc3 Nc6 7. Qg3 g6 8. Bf4 Bd6 9. Rd1 e5 10. Bg5 f6 11. Qf3 Bf5 12. g4 fxg5 13. gxf5 Rf8 14. Bb5 Rxf5 15. Bxc6+ bxc6 16. Qxc6+ Kf8 17. c4 Qe8 18. Qxe8+ Rxe8 19. h4 g4 20. c3 Bc5 21. Rd2 a5 22. a3 a4 23. Kf1 Ke7 24. Kg2 Ref8 25. Kg3 Bxf2+ 26. Kxg4 Rf4+ 27. Kh3 Rxh4+ 28. Kg2 Rg4+ 29. Kh2 Rf5 30. Rd3 Rfg5 31. Ne2 e4 0-1

[Event "Fredrikstad CC-ch"]
[Site "Fredrikstad"]
[Date "2002.03.20"]
[Round "8"]
[White "Saether, Steinar"]
[Black "Ludvigsen, Jan Helge"]
[Result "1-0"]
[WhiteElo "1594"]
[BlackElo "1563"]
[PlyCount "87"]
[EventDate "2002.01.??"]
[EventType "swiss"]
[EventRounds "11"]
[EventCountry "NOR"]
[SourceTitle "EXT 2005"]
[Source "ChessBase"]
[SourceDate "2004.11.15"]
[SourceVersion "1"]
[SourceVersionDate "2004.11.15"]
[SourceQuality "1"]

1. e4 e5 2. Nf3 Nc6 3. d4 exd4 4. Bc4 Nf6 5. Bg5 Bb4+ 6. Nbd2 h6 7. Bxf6 Qxf6 8. 0-0 Ne5 9. Nxe5 Qxe5 10. Nf3 Qe7 11. Nxd4 0-0 12. Qd3 a6 13. c3 Bc5 14. f4 b5 15. Bb3 Bb7 16. Rae1 Rae8 17. Bc2 Qh4 18. Re3 f5 19. exf5 Rxe3 20. Qxe3 Qg4 21. Rf2 Qh5 22. Re2 d6 23. h3 Bc6 24. Kh2 Bxd4 25. cxd4 Kh8 26. g4 Qf7 27. Qe7 Qxe7 28. Rxe7 Re8 29. Rxe8+ Bxe8 30. Bb3 Bc6 31. Be6 a5 32. Kg3 b4 33. a3 bxa3 34. bxa3 Bb5 35. h4 a4 36. Kf2 c5 37. dxc5 dxc5 38. Ke3 Bf1 39. Ke4 Bg2+ 40. Ke5 Bf1 41. Kd5 c4 42. Kd4 Bh3 43. g5 Kh7 44. Kxc4 1-0

[Event "Fredrikstad op"]
[Site "Fredrikstad"]
[Date "2001.11.21"]
[Round "8"]
[White "Saether, Steinar"]
[Black "Hansen, Ejlif Trier"]
[Result "1/2-1/2"]
[WhiteElo "1609"]
[BlackElo "1700"]
[PlyCount "45"]
[EventDate "2001.08.??"]
[EventType "swiss"]
[EventRounds "9"]
[EventCountry "NOR"]
[SourceTitle "EXT 2005"]
[Source "ChessBase"]
[SourceDate "2004.11.15"]
[SourceVersion "1"]
[SourceVersionDate "2004.11.15"]
[SourceQuality "1"]

1. e4 c6 2. d4 d5 3. Nc3 dxe4 4. Nxe4 Bf5 5. Ng3 Bg6 6. Nf3 Nd7 7. Bc4 e6 8. Bf4 Ngf6 9. 0-0 Nd5 10. Bxd5 cxd5 11. c3 Be7 12. Ne5 Nxe5 13. dxe5 0-0 14. Be3 Qc7 15. Bd4 b6 16. f4 Bc5 17. Rc1 Rfc8 18. Kh1 Qd7 19. Qf3 Bxd4 20. cxd4 Rxc1 21. Rxc1 Rc8 22. Qe3 h6 23. a3 1/2-1/2

[Event "Hostturnering"]
[Site "Fredrikstad"]
[Date "1993.??.??"]
[Round "4"]
[White "Johansen, Kjell Arne"]
[Black "Saether, Steinar"]
[Result "1-0"]
[WhiteElo "1600"]
[BlackElo "1600"]
[PlyCount "55"]
[EventDate "1993.??.??"]
[EventType "swiss"]
[EventRounds "9"]
[EventCountry "NOR"]
[SourceTitle "EXT 2006"]
[Source "ChessBase"]
[SourceDate "2005.11.24"]
[SourceVersion "1"]
[SourceVersionDate "2005.11.24"]
[SourceQuality "1"]

1. d4 Nf6 2. c4 e6 3. Nf3 d5 4. e3 Be7 5. Nc3 0-0 6. Bd3 dxc4 7. Bxc4 c5 8. 0-0 a6 9. a4 Nc6 10. dxc5 Bxc5 11. b3 Qa5 12. Bb2 Qc7 13. Qc2 h6 14. Ne4 Nxe4 15. Qxe4 Nb4 16. Rfd1 Bd7 17. Be5 Qc6 18. Qg4 g6 19. Qh3 h5 20. Qh4 Nd5 21. Bxd5 exd5 22. Rac1 Rfe8 23. Bd4 b6 24. b4 Re4 25. Qg5 Rg4 26. Qh6 Bxd4 27. Ng5 Rxg5 28. Rxc6 1-0